Sequence Analysis (Record no. 569800)

MARC details
000 -LEADER
fixed length control field 00591nam a2200205Ia 4500
008 - FIXED-LENGTH DATA ELEMENTS--GENERAL INFORMATION
fixed length control field 250326s9999 xx 000 0 und d
020 ## - INTERNATIONAL STANDARD BOOK NUMBER
ISBN 9781071801888
Paper back/Hardbound pbk
041 ## - LANGUAGE CODE
Language code of text/sound track or separate title eng
082 ## - DEWEY DECIMAL CLASSIFICATION NUMBER
Classification number 300.72
Item number RAA
100 ## - MAIN ENTRY--AUTHOR NAME
Personal name Raab, Marcel.
245 #0 - TITLE STATEMENT
Title Sequence Analysis
Statement of responsibility, etc / Marcel Raab And Emanuela Struffolino
250 ## - EDITION STATEMENT
Edition statement 1st ed.
260 ## - PUBLICATION, DISTRIBUTION, ETC. (IMPRINT)
Name of publisher Sage Publications;
Year of publication 2023;
Place of publication UK;
300 ## - PHYSICAL DESCRIPTION
Number of Pages 171 p.
Dimensions 22 cm.
504 ## - BIBLIOGRAPHY, ETC. NOTE
Bibliography, etc Includes bibliographies and index
650 ## - SUBJECT ADDED ENTRY--TOPICAL TERM
Topical Term Social Sciences; Statistical; Sequence-oriented Questions;
700 ## - ADDED ENTRY--PERSONAL NAME
Personal name Struffolino, Emanuela.
942 ## - ADDED ENTRY ELEMENTS (KOHA)
Koha item type Reference
Holdings
Withdrawn status Lost status Damaged status Not for loan Home library Current library Shelving location Date acquired Cost, normal purchase price Full call number Accession Number Price effective from Koha item type
        Anna Centenary Library Anna Centenary Library 3RD FLOOR, B WING 14.03.2025 2606.40 300.72 RAA 702401 14.03.2025 Reference

Find us on the map